000 01268nam0a22003491 4500
001 RU\NLR\bibl\553719
005 20250609161141.0
010 _a5-9524-0921-0
_96000
021 _aRU
_b2004-32614
_91639
035 _a(NLR Aleph) 000545877
090 _a1441912
_c1441912
100 _a20040917d2004 |||y0rusy50 ca
101 1 _arus
_ceng
102 _aRU
105 _aa |||||||||
200 1 _aЭпоха Рамсесов
_eБыт, религия, культура
_fПьер Монте
_g[Пер. с англ. Д.Л. Шамшина]
210 _aМ.
_cЦентрполиграф
_d2004
215 _a365,[1] с.
_cил.
_d21
300 _aНа доп. тит.л. загл. и авт.: Everyday life in Egypt / Pierre Montet
602 _aРамессиды (династия)
_f1206 - ок. 1070 до н.э.
_92345189
_3RU\NLR\auth\661401504
602 _aРамессиды (династия)
_f1206-ок. 1070 до н.э.
_2psbo
686 _aТ3(0)310.7
686 _aТ3(0)310.8
700 1 _aМонте
_bП.
_gПьер
_4070
801 0 _aRU
_bNLR
_c20040917
_gPSBO
801 1 _aRU
_bNLR
_c20040917
852 _aNLR
_bОЛСАА-сл-спр
_j3-4001
942 _cBOOK
980 _aNB
980 1 _aSL_SPR